• 首页
  • 本馆介绍
  • 公告通知
  • 最新文献
  • 馆藏检索
  • 电子资源
  • 读者导购
  • 参考咨询
  • 我的图书馆
  • 登录
  • 详细信息显示
  • 放入我的书架
  • 预约/预借图书
  • 作者相关作品
  • 分类相关作品
  • 丛书相关作品
  • 出版社相关作品

书目信息

  • 表格格式
  • 工作单格式
  • 卡片格式
题名:
卢森堡大公国史
    
 
作者: 保罗·韦贝尔 著 ;南京大学外文系法文翻译组 译
分册:  
出版信息: 南京   江苏人民出版社  1973.3
页数: 230页
开本: 19cm
丛书名:
单 册:
中图分类: K519
科图分类:
主题词: 东欧--历史 , 中欧--历史
电子资源:
ISBN:
000 00775nam0 2200241 45
001 0211151080
005 20060731093036.45
010    @dCNY0.70
091    @a11100.002
100    @a20021115d1973 km y0chiy0120 ea
101 0  @achi
105    @ahcbaz 000yy
200 1  @a卢森堡大公国史@ALu Sen Bao Da Gong Guo Shi@f(比利时)保罗·韦贝尔著@F(Bi Li Shi)Bao Luo·Wei Bei Er Zhu@g南京大学外文系法文翻译组译
210    @a南京@c江苏人民出版社@d1973.3
215    @a230页@c肖像,摹真,地图,图表@d19cm
300    @a本书供内部参考
606 0  @a东欧@x历史
606 0  @a中欧@x历史
690    @aK519@v1
701  0 @a保罗·韦贝尔@4著
712 02 @a南京大学外文系法文翻译组@ANan Jing Da Xue Wai Wen Xi Fa Wen Fan Yi Zu@4译
801    @aCN@bTSTC@c20060731
905    @f1@b228437@dK519@e3
    
    卢森堡大公国史/(比利时)保罗·韦贝尔著/南京大学外文系法文翻译组译.-南京:江苏人民出版社,1973.3
    230页:肖像,摹真,地图,图表;19cm
    本书供内部参考
    
    ISBN :CNY0.70
    
●
相关链接 在E读中查询图书 在五车中查询图书 在当当中查询图书 在豆瓣中查询图书


正题名:卢森堡大公国史     索取号:K519/3         预约/预借

序号 登录号 条形码 馆藏地/架位号 状态 备注
1 0228437   001623130   密集书库/ [索取号:K519/3] 在馆    
2 0443847   204438475   密集书库/ [索取号:K519/3] 在馆    
唐山师范学院图书馆 欢迎您!
大连网信软件有限公司© 版权所有